Сбор и подготовка продукции нефтяных и газовых скважин. Часть 2 / ДО 2016 (21.03.01): электронный курс

Dettagli Bibliografici
Autore principale: Шишмина Л. В. Людмила Всеволодовна
Ente Autore: Национальный исследовательский Томский политехнический университет Инженерная школа природных ресурсов Отделение нефтегазового дела
Altri autori: Носова О. В. Оксана Владимировна, Джалилова С. Н. София Насибуллаевна
Riassunto:Заглавие с экрана
Основной целью курса является формирование у студентов базовых знаний, связанных с производственно-технологической, экспериментально-исследовательской и проектной деятельностью в области сбора и подготовки продукции нефтяных и газовых скважин. Курс в девятом семестре посвящен вопросам сбора и подготовки продукции газовых скважин. Он предназначен для бакалавров по профилю подготовки «Эксплуатация и обслуживание объектов подготовки нефти». В курсе рассматриваются основные технологии, применяющиеся для подготовки газа, дается характеристика продукции установок подготовки, показываются основные приемы работы в моделирующем программном комплексе UniSim Design R460, его возможностям для расчета и анализа эффективности процессов подготовки газа. Особое внимание уделяется причинам возникновения осложнений при сборе и подготовке продукции газовых скважин и путям их предотвращения.
Доступ по логину и паролю
Lingua:russo
Pubblicazione: Томск, TPU Moodle, 2020
Soggetti:
Accesso online:https://design.lms.tpu.ru/course/view.php?id=3782
Natura: Elettronico Libro
KOHA link:https://koha.lib.tpu.ru/cgi-bin/koha/opac-detail.pl?biblionumber=666057

MARC

LEADER 00000nlm0a2200000 4500
001 666057
005 20240118121336.0
035 |a (RuTPU)RU\TPU\network\37261 
035 |a RU\TPU\network\37258 
090 |a 666057 
100 |a 20211201d2020 m y0rusy50 ca 
101 0 |a rus 
102 |a RU 
105 |a a j 000zy 
135 |a jrcn ---uucaa 
181 0 |a i  
182 0 |a b 
200 1 |a Сбор и подготовка продукции нефтяных и газовых скважин. Часть 2 / ДО 2016 (21.03.01)  |e электронный курс  |f Л. В. Шишмина, О. В. Носова, С. Н. Джалилова  |g Национальный исследовательский Томский политехнический университет, Инженерная школа природных ресурсов, Отделение нефтегазового дела 
203 |a Текст  |c электронный 
210 |a Томск  |c TPU Moodle  |d 2020 
300 |a Заглавие с экрана 
330 |a Основной целью курса является формирование у студентов базовых знаний, связанных с производственно-технологической, экспериментально-исследовательской и проектной деятельностью в области сбора и подготовки продукции нефтяных и газовых скважин. Курс в девятом семестре посвящен вопросам сбора и подготовки продукции газовых скважин. Он предназначен для бакалавров по профилю подготовки «Эксплуатация и обслуживание объектов подготовки нефти». В курсе рассматриваются основные технологии, применяющиеся для подготовки газа, дается характеристика продукции установок подготовки, показываются основные приемы работы в моделирующем программном комплексе UniSim Design R460, его возможностям для расчета и анализа эффективности процессов подготовки газа. Особое внимание уделяется причинам возникновения осложнений при сборе и подготовке продукции газовых скважин и путям их предотвращения. 
333 |a Доступ по логину и паролю 
606 1 |a Газы природные горючие  |x Сбор и хранение  |2 stltpush  |3 (RuTPU)RU\TPU\subj\5397  |9 33485 
606 1 |a Нефть  |x Сбор и хранение  |x Подготовка к переработке  |x Автоматизация  |2 stltpush  |3 (RuTPU)RU\TPU\subj\45887  |9 65077 
610 1 |a электронный ресурс 
610 1 |a труды учёных ТПУ 
610 1 |a электронное обучение 
610 1 |a электронные курсы ТПУ 
610 1 |a электронные учебные пособия 
610 1 |a учебные пособия 
610 1 |a e-learning 
610 1 |a Moodle 
610 1 |a дистанционное образование 
610 1 |a дистанционное обучение 
610 1 |a физико-химические основы 
610 1 |a скважинная продукция 
610 1 |a природный газ 
610 1 |a нефтяной газ 
675 |a 622.276.8(075.8)  |v 3 
675 |a 622.279.8(075.8)  |v 3 
700 1 |a Шишмина  |b Л. В.  |c российский геолог  |c доцент Томского политехнического университета, кандидат химических наук  |f 1951-  |g Людмила Всеволодовна  |3 (RuTPU)RU\TPU\pers\26106  |9 11936 
701 1 |a Носова  |b О. В.  |c геолог  |c ведущий инженер, ассистент Томского политехнического университета  |f 1970-  |g Оксана Владимировна  |3 (RuTPU)RU\TPU\pers\26680 
701 1 |a Джалилова  |b С. Н.  |c специалист в области нефтегазового дела  |c ассистент кафедры Томского политехнического университета  |f 1990-  |g София Насибуллаевна  |3 (RuTPU)RU\TPU\pers\42440  |9 21536 
712 0 2 |a Национальный исследовательский Томский политехнический университет  |b Инженерная школа природных ресурсов  |b Отделение нефтегазового дела  |3 (RuTPU)RU\TPU\col\23546 
801 2 |a RU  |b 63413507  |c 20220708  |g RCR 
856 4 |u https://design.lms.tpu.ru/course/view.php?id=3782 
942 |c CF